[Event "AUT-ch Vor4 Internet"]
[Site "Playchess.com INT"]
[Date "2020.04.25"]
[Round "2"]
[White "Messner, Andreas"]
[Black "Rosol, Alexander"]
[Result "0-1"]
[WhiteElo "1856"]
[BlackElo "1933"]
[PlyCount "74"]
[EventDate "2020.04.25"]
[EventType "swiss (blitz)"]
[EventRounds "9"]
[EventCountry "AUT"]
[SourceTitle "EXT 2021"]
[Source "ChessBase"]
[SourceDate "2020.10.23"]
[SourceVersion "1"]
[SourceVersionDate "2020.10.23"]
[SourceQuality "1"]

1. Nf3 Nf6 2. e3 g6 3. c4 Bg7 4. d4 d6 5. Nc3 0-0 6. Bd3 Nbd7 7. 0-0 e5 8. dxe5 dxe5 9. Bc2 c6 10. b3 Qc7 11. Ba3 Re8 12. Qe2 a5 13. Rfd1 Bf8 14. Bxf8 Nxf8 15. Rd2 Bg4 16. Rad1 e4 17. Nxe4 Nxe4 18. Bxe4 Rxe4 19. h3 Bxf3 20. Qxf3 Re6 21. h4 Rae8 22. Rd4 Qe5 23. Rg4 Rd6 24. Rf1 Rd2 25. Rf4 Qe6 26. h5 Red8 27. hxg6 Nxg6 28. Rg4 R8d6 29. Re4 Qd7 30. a3 Rd1 31. Rxd1 Rxd1+ 32. Kh2 Rd3 33. b4 Rxa3 34. Rd4 Qc7+ 35. g3 axb4 36. Qf6 Ra8 37. f4 Qe7 0-1

[Event "AUT-ch Vor4 Internet"]
[Site "Playchess.com INT"]
[Date "2020.04.25"]
[Round "1"]
[White "Schloffer, Jasmin Denise"]
[Black "Messner, Andreas"]
[Result "1-0"]
[WhiteElo "2110"]
[BlackElo "1856"]
[PlyCount "89"]
[EventDate "2020.04.25"]
[EventType "swiss (blitz)"]
[EventRounds "9"]
[EventCountry "AUT"]
[SourceTitle "EXT 2021"]
[Source "ChessBase"]
[SourceDate "2020.10.23"]
[SourceVersion "1"]
[SourceVersionDate "2020.10.23"]
[SourceQuality "1"]

1. d4 Nf6 2. c4 e6 3. Nc3 Bb4 4. e3 b6 5. Nge2 Bb7 6. a3 Bxc3+ 7. Nxc3 0-0 8. f3 d5 9. Bd3 Qe7 10. 0-0 Nbd7 11. b4 Rfd8 12. Qc2 dxc4 13. Bxc4 Rac8 14. Bb2 c5 15. dxc5 bxc5 16. b5 Nb6 17. Be2 Rd7 18. Rfd1 Rcd8 19. e4 Nh5 20. g3 Qg5 21. Bc1 Qg6 22. Be3 Nxg3 23. hxg3 Qxg3+ 24. Kf1 Qh3+ 25. Ke1 Qh1+ 26. Bf1 Qxf3 27. Qe2 Rxd1+ 28. Rxd1 Rxd1+ 29. Kxd1 Qf6 30. Bd2 Qd4 31. Qe3 Qe5 32. Qd3 h6 33. Qf3 a6 34. bxa6 Bc6 35. Qf4 Qh5+ 36. Be2 Qh1+ 37. Qf1 Bxe4 38. Qxh1 Bxh1 39. a7 Ba8 40. Nb5 Kf8 41. Nc7 Ke7 42. Nxa8 Nxa8 43. Bf3 Nc7 44. Bf4 e5 45. Bxe5 1-0

[Event "AUT-ch Vor1 Internet"]
[Site "Playchess.com INT"]
[Date "2020.04.11"]
[Round "8"]
[White "Messner, Andreas"]
[Black "Doskocil, Klaus"]
[Result "1-0"]
[WhiteElo "1856"]
[BlackElo "2157"]
[PlyCount "85"]
[EventDate "2020.04.11"]
[EventType "swiss (blitz)"]
[EventRounds "9"]
[EventCountry "AUT"]
[SourceTitle "CBM 195 Extra"]
[Source "ChessBase"]
[SourceDate "2020.05.31"]
[SourceVersion "1"]
[SourceVersionDate "2020.05.31"]
[SourceQuality "1"]

1. Nf3 g6 2. e4 Bg7 3. c3 c5 4. d4 cxd4 5. cxd4 d6 6. Nc3 Nf6 7. h3 0-0 8. Bc4 a6 9. 0-0 b5 10. Bd3 Bb7 11. Re1 Nbd7 12. a3 Rc8 13. Qe2 e5 14. d5 Nc5 15. Bc2 Nh5 16. g4 Nf4 17. Bxf4 exf4 18. Rac1 Nd7 19. Qd2 Ne5 20. Nxe5 dxe5 21. f3 Qh4 22. Qg2 Kh8 23. Re2 Rg8 24. Kh2 f5 25. Qf2 Qxf2+ 26. Rxf2 fxg4 27. hxg4 Bf6 28. Bb3 Rgd8 29. Rfc2 Kg7 30. Na2 Kf8 31. Nb4 Rxc2+ 32. Rxc2 a5 33. Nc6 Bxc6 34. dxc6 a4 35. Be6 Ke7 36. c7 Kxe6 37. cxd8Q Bxd8 38. Rc5 b4 39. axb4 Be7 40. Rb5 Kd6 41. Rb7 Ke6 42. b5 Bc5 43. Rxh7 1-0

[Event "AUT-ch Vor1 Internet"]
[Site "Playchess.com INT"]
[Date "2020.04.11"]
[Round "6"]
[White "Wischounig, Laurin"]
[Black "Messner, Andreas"]
[Result "1/2-1/2"]
[WhiteElo "1878"]
[BlackElo "1856"]
[PlyCount "140"]
[EventDate "2020.04.11"]
[EventType "swiss (blitz)"]
[EventRounds "9"]
[EventCountry "AUT"]
[SourceTitle "CBM 195 Extra"]
[Source "ChessBase"]
[SourceDate "2020.05.31"]
[SourceVersion "1"]
[SourceVersionDate "2020.05.31"]
[SourceQuality "1"]

1. d4 Nf6 2. c4 e6 3. Nf3 b6 4. g3 Bb7 5. Bg2 Be7 6. 0-0 0-0 7. Nc3 d5 8. Ne5 c6 9. Qc2 Nbd7 10. e4 dxe4 11. Rd1 Rc8 12. Nxe4 Nxe4 13. Nxd7 Qxd7 14. Qxe4 Bf6 15. Bf4 Ba6 16. c5 Rfd8 17. Bd6 Bc4 18. b4 Bd5 19. Qe3 Bxg2 20. Kxg2 b5 21. f4 Ra8 22. a4 a6 23. a5 Re8 24. Ra2 Be7 25. Bxe7 Rxe7 26. Rad2 Qd5+ 27. Kf2 Rae8 28. Qe5 Rd7 29. Qxd5 Rxd5 30. Ke3 f6 31. Ke4 Kf7 32. Rf2 Red8 33. g4 g6 34. h4 h6 35. Rf3 f5+ 36. gxf5 exf5+ 37. Ke3 Re8+ 38. Kd3 Re4 39. Kc3 Kf6 40. Rd2 g5 41. hxg5+ hxg5 42. fxg5+ Kxg5 43. Rg2+ Rg4 44. Rd2 f4 45. Rdd3 Rg1 46. Rd2 Rg3 47. Rdd3 Rxf3 48. Rxf3 Kg4 49. Rf1 f3 50. Kd3 Kf4 51. Rf2 Rd7 52. Rf1 Re7 53. d5 Re3+ 54. Kd2 cxd5 55. Rh1 Re6 56. Rh8 Rf6 57. Rh1 f2 58. Rf1 Kf3 59. Kd3 Re6 60. Kd4 Re1 61. Rxf2+ Kxf2 62. Kxd5 Rb1 63. c6 Rxb4 64. c7 Rc4 65. Kd6 b4 66. Kd7 b3 67. c8Q Rxc8 68. Kxc8 b2 69. Kb7 b1Q+ 70. Kxa6 Qb8 1/2-1/2

[Event "Wattens op 15th"]
[Site "Wattens"]
[Date "2000.09.01"]
[Round "7"]
[White "Popow, Alexander"]
[Black "Messner, Andreas"]
[Result "1-0"]
[WhiteElo "1942"]
[BlackElo "1768"]
[PlyCount "51"]
[EventDate "2000.08.26"]
[EventType "swiss"]
[EventRounds "9"]
[EventCountry "AUT"]
[SourceTitle "EXT 2001"]
[Source "ChessBase"]
[SourceDate "2000.11.22"]
[SourceVersion "1"]
[SourceVersionDate "2000.11.22"]
[SourceQuality "1"]

1. e4 Nf6 2. e5 Nd5 3. c4 Nb6 4. d4 d6 5. f4 dxe5 6. fxe5 Nc6 7. Be3 Bf5 8. Nc3 e6 9. Nf3 Bb4 10. a3 Bxc3+ 11. bxc3 Na5 12. c5 Nd5 13. Bd2 Nc6 14. Bb5 Nde7 15. 0-0 0-0 16. Bg5 Qc8 17. Nh4 Bg6 18. Nxg6 Nxg6 19. Qf3 Nce7 20. Bd3 h6 21. Bxe7 Nxe7 22. Qe4 g6 23. Qh4 Nf5 24. Bxf5 exf5 25. Qxh6 Qe6 26. Rf3 1-0

[Event "Wattens op 15th"]
[Site "Wattens"]
[Date "2000.08.30"]
[Round "5"]
[White "Kuttnig, Roland"]
[Black "Messner, Andreas"]
[Result "1/2-1/2"]
[WhiteElo "2072"]
[BlackElo "1768"]
[PlyCount "34"]
[EventDate "2000.08.26"]
[EventType "swiss"]
[EventRounds "9"]
[EventCountry "AUT"]
[SourceTitle "EXT 2001"]
[Source "ChessBase"]
[SourceDate "2000.11.22"]
[SourceVersion "1"]
[SourceVersionDate "2000.11.22"]
[SourceQuality "1"]

1. e4 Nf6 2. e5 Nd5 3. d4 d6 4. exd6 exd6 5. c4 Nf6 6. Nc3 d5 7. Nf3 Bg4 8. Be2 dxc4 9. Qa4+ c6 10. Qxc4 Be7 11. Bf4 0-0 12. 0-0 Be6 13. Qd3 Nd5 14. Nxd5 Qxd5 15. Ne5 Nd7 16. Bf3 Nxe5 17. Bxe5 Qd7 1/2-1/2

[Event "Wattens op 14th"]
[Site "Wattens"]
[Date "1999.??.??"]
[Round "9"]
[White "Heyl, Thomas"]
[Black "Messner, Andreas"]
[Result "1/2-1/2"]
[WhiteElo "2060"]
[BlackElo "1715"]
[PlyCount "30"]
[EventDate "1999.??.??"]
[EventType "swiss"]
[EventRounds "9"]
[EventCountry "AUT"]
[SourceTitle "EXT 2001"]
[Source "ChessBase"]
[SourceDate "2000.11.22"]
[SourceVersion "1"]
[SourceVersionDate "2000.11.22"]
[SourceQuality "1"]

1. d4 Nf6 2. Nf3 g6 3. Bg5 Bg7 4. Nbd2 d5 5. e3 0-0 6. Bd3 Bg4 7. h3 Bxf3 8. Nxf3 Nbd7 9. 0-0 Re8 10. Bf4 c6 11. c3 Nh5 12. Qc2 e5 13. dxe5 Nxe5 14. Nxe5 Bxe5 15. Bxe5 Rxe5 1/2-1/2

[Event "Wattens op 13th"]
[Site "Wattens"]
[Date "1998.??.??"]
[Round "5"]
[White "Gruber, Michael"]
[Black "Messner, Andreas"]
[Result "1/2-1/2"]
[WhiteElo "1865"]
[BlackElo "1685"]
[PlyCount "33"]
[EventDate "1998.??.??"]
[EventType "swiss"]
[EventRounds "9"]
[EventCountry "AUT"]
[SourceTitle "EXT 2000"]
[Source "ChessBase"]
[SourceDate "1999.11.16"]
[SourceVersion "1"]
[SourceVersionDate "1999.11.16"]
[SourceQuality "1"]

1. f4 d5 2. Nf3 Nf6 3. e3 g6 4. b3 Bg7 5. Bb2 0-0 6. Be2 e6 7. 0-0 c5 8. Qe1 Nbd7 9. Qh4 Ne4 10. Qxd8 Rxd8 11. Bxg7 Kxg7 12. d3 Nd6 13. Nbd2 Nf5 14. e4 Ne3 15. Rfc1 dxe4 16. Nxe4 Nd5 17. g3 1/2-1/2

[Event "Wattens op 13th"]
[Site "Wattens"]
[Date "1998.??.??"]
[Round "8"]
[White "Spindelberger, Paul"]
[Black "Messner, Andreas"]
[Result "1/2-1/2"]
[WhiteElo "1975"]
[BlackElo "1685"]
[PlyCount "70"]
[EventDate "1998.??.??"]
[EventType "swiss"]
[EventRounds "9"]
[EventCountry "AUT"]
[SourceTitle "EXT 2000"]
[Source "ChessBase"]
[SourceDate "1999.11.16"]
[SourceVersion "1"]
[SourceVersionDate "1999.11.16"]
[SourceQuality "1"]

1. e4 Nf6 2. e5 Nd5 3. c4 Nb6 4. d4 d6 5. f4 dxe5 6. fxe5 Bf5 7. Nf3 e6 8. Nc3 Nc6 9. a3 Be7 10. b4 0-0 11. d5 exd5 12. cxd5 Nb8 13. Nd4 Bg6 14. Qb3 a5 15. b5 Bc5 16. Nf3 Re8 17. Bf4 N8d7 18. Be2 Be7 19. 0-0 Nc5 20. Qd1 Ne4 21. Nxe4 Bxe4 22. d6 cxd6 23. exd6 Bf6 24. Rc1 Nd5 25. Qd2 Qb6+ 26. Kh1 Rad8 27. Rfd1 Bxf3 28. Bxf3 Nxf4 29. d7 Re7 30. Rc8 Ne6 31. Bg4 Nf8 32. h3 h6 33. Qd5 Re5 34. Qd3 Rxb5 35. Rxd8 Bxd8 1/2-1/2

[Event "Wattens op 11th"]
[Site "Wattens"]
[Date "1996.??.??"]
[Round "4"]
[White "Messner, Andreas"]
[Black "Obradovic, Zoran"]
[Result "1/2-1/2"]
[WhiteElo "1630"]
[BlackElo "1845"]
[PlyCount "59"]
[EventDate "1996.??.??"]
[EventType "swiss"]
[EventRounds "9"]
[EventCountry "AUT"]
[SourceTitle "EXT 2000"]
[Source "ChessBase"]
[SourceDate "1999.11.16"]
[SourceVersion "1"]
[SourceVersionDate "1999.11.16"]
[SourceQuality "1"]

1. Nf3 d5 2. c4 d4 3. Qa4+ Bd7 4. Qb3 Bc6 5. Ne5 Qd6 6. Nxc6 Qxc6 7. Qb5 a6 8. Qxc6+ Nxc6 9. d3 Nb4 10. Na3 e5 11. g3 f5 12. Bg2 Rb8 13. 0-0 Bd6 14. Bd2 Nc6 15. Nc2 Nf6 16. b4 h6 17. Rab1 g5 18. b5 axb5 19. Rxb5 Kd7 20. Rfb1 b6 21. Bxc6+ Kxc6 22. Bb4 Nd7 23. Bxd6 Kxd6 24. R5b2 c5 25. Na3 Ra8 26. Nb5+ Kc6 27. Ra1 h5 28. h3 f4 29. Kg2 fxg3 30. fxg3 1/2-1/2